Derecho Procesal Civil comparado: aporte para las reformas a la justicia en Latinoamérica. Liber amicorum Rolf Sturner
Salvato in:
| Autori principali: | , |
|---|---|
| Natura: | Libro |
| Lingua: | spagnolo |
| Pubblicazione: |
Santiago
Legal Publishing
2014
|
| Edizione: | 1a. ed |
| Soggetti: | |
| Tags: |
Aggiungi Tag
Nessun Tag, puoi essere il primo ad aggiungerne!!
|
MARC
| LEADER | 00000cam a2200000 a 4500 | ||
|---|---|---|---|
| 001 | UCE1497 | ||
| 003 | CL-VaPUC | ||
| 008 | 140502e20140100cl |||||||||||||||||spa|d | ||
| 020 | |a 9789563464276 | ||
| 082 | 0 | 4 | |a 347.8305 |b PER |2 21 |
| 100 | |a Pérez Ragone, Álvaro J. |e autor |9 518956 | ||
| 700 | 0 | |a Tavolari Goycoolea, Pía |e author |9 573838 | |
| 245 | 1 | 0 | |a Derecho Procesal Civil comparado: aporte para las reformas a la justicia en Latinoamérica. Liber amicorum Rolf Sturner |
| 250 | |a 1a. ed | ||
| 300 | |a 422 p | ||
| 942 | |c BK | ||
| 945 | |d 20140502 10:02:00 |a dcastane | ||
| 260 | |a Santiago |b Legal Publishing |c 2014 | ||
| 650 | 0 | |a Código de procedimiento civil |9 256305 | |
| 650 | 0 | |a Derecho procesal civil |9 258071 | |
| 583 | |a last modification |c 20140502 10:02:00 |k Rodrigo Vera | ||
| 999 | |c 355273 |d 355271 | ||
| 952 | |0 0 |1 0 |3 erb |4 0 |6 347_830500000000000_PER_2014 |7 0 |8 A |9 461911 |a BIBDER |b BIBDER |i 5070074 |l 2 |o 347.8305 PER 2014 |p 5070074 |r 2024-01-03 |s 2024-01-03 |w 2019-11-23 |y BK |z Catalogado en:20140502 |k DER | ||